000
00362nam a2200169Ia 4500
003
IT-RoPAU
008
120407s9999 xx 000 0 und d
040
_a
IT-RoPAU
040
_c
IT-RoPAU
245
_a
Atlante di storia dell'arte italiana II
245
_c
AA.VV.
250
_a
Milano
260
_a
Garzanti
300
_c
cm
490
_v
1
942
_c
BK
999
_c
6419
_d
6419